Missing Word: 'F' History Figures Quiz Stats

Quiz Updated Apr 23, 2016

Challenge
Share
Tweet
Embed
Score 0/30 Timer 03:00
0 Plays Today
Hint Answer % Correct
Anne ____ - diaristFrank
97.9%
____ Castro - President of CubaFidel
97.8%
Henry ____ - motor industrialistFord
97.2%
____ Nightingale - nursing pioneerFlorence
95.9%
Sigmund ____ - father of psychoanalysisFreud
95.8%
F. Scott ____ - authorFitzgerald
95.2%
Robert ____ - poetFrost
85.7%
____ Kafka - authorFranz
80.9%
Francisco ____ - Spanish dictatorFranco
75.1%
____ Kahlo - painterFrida
73.8%
____ Marcos - President of the PhilippinesFerdinand
68.6%
Alexander ____ - discoverer of penicillinFleming
66.2%
Enrico ____ - physicistFermi
58.7%
____ Barbarossa - Holy Roman EmperorFrederick
56.9%
____ Pizarro - conquistadorFrancisco
48.5%
Hint Answer % Correct
Betty ____ - feminist writerFriedan
48%
____ Nietzsche - philosopherFriedrich
48%
E. M. ____ - novelistForster
47.3%
Dian ____ - primatologistFossey
46.6%
Milton ____ - economistFriedman
46%
Gustave ____ - writerFlaubert
43.5%
David ____ Wallace - authorFoster
39.8%
____ Mendelssohn - composerFelix
37.8%
____ Perkins - US Secretary of LaborFrances
35%
Louis ____ - Nation of Islam leaderFarrakhan
33.9%
____ O'Connor - authorFlannery
31%
____ - Italian mathematicianFibonacci
26.3%
____ GarcĂ­a Lorca - playwrightFederico
14.6%
____ I - last King of EgyptFarouk
11.8%
Sweyn ____ - King of DenmarkForkbeard
9.4%

Today's Daily Dose

You're not logged in!

Compare scores with friends on all Sporcle quizzes.
Join for Free
OR
Log In

You Might Also Like...

Show Comments

Extras

Top Quizzes Today


Score Distribution

Your Account Isn't Verified!

In order to create a playlist on Sporcle, you need to verify the email address you used during registration. Go to your Sporcle Settings to finish the process.

Report this User

Report this user for behavior that violates our Community Guidelines.

Details: